Catálogo público

Food chemistry (Record no. 80331)

MARC details
000 -CABECERA
campo de control de longitud fija 01194cam a22003617a 4500
003 - IDENTIFICADOR DEL NÚMERO DE CONTROL
campo de control CHAP
005 - FECHA Y HORA DE LA ÚLTIMA TRANSACCIÓN
campo de control 20220329142232.0
008 - DATOS DE LONGITUD FIJA--INFORMACIÓN GENERAL
campo de control de longitud fija 000315d1996 us a r 00010 eng d
010 ## - NÚMERO DE CONTROL DE LA BIBLIOTECA DEL CONGRESO
Número de control de LC 80331
011 ## - ENLACE DEL NUMERO DE CONTROL DE LA BIBLIOTECA DEL CONGRESO [OBSOLETO]
Número de control de LC 81303
020 ## - NÚMERO INTERNACIONAL ESTÁNDAR DEL LIBRO
Número Internacional Estándar del Libro 0824793463
035 ## - NÚMERO DE CONTROL DEL SISTEMA
Número de control de sistema 91771
040 ## - FUENTE DE LA CATALOGACIÓN
Centro/agencia transcriptor CHAP
082 04 - NÚMERO DE LA CLASIFICACIÓN DECIMAL DEWEY
Número de clasificación 664
Número de documento/Ítem F4 1996
100 00 - ENTRADA PRINCIPAL--NOMBRE DE PERSONA
Nombre de persona Fennema, Owen R.
Término indicativo de función/relación ed.
9 (RLIN) 40035
245 10 - MENCIÓN DE TÍTULO
Título Food chemistry
Mención de responsabilidad, etc. /ed. by Owen R. Fennema
250 ## - MENCIÓN DE EDICIÓN
Mención de edición 3 ed.
260 ## - PUBLICACIÓN, DISTRIBUCIÓN, ETC.
Lugar de publicación, distribución, etc. New York :
Nombre del editor, distribuidor, etc. Marcel Dukker,
Fecha de publicación, distribución, etc. 1996.
300 ## - DESCRIPCIÓN FÍSICA
Extensión 1069 p. :
Otras características físicas ilus. ; gráfs.
490 #0 - MENCIÓN DE SERIE
Mención de serie Food science and technology
590 ## - NOTA LOCAL (RLIN)
Nota local BATCH-UPD
Procedencia (VM) [OBSOLETO] 10
Condición del los carretes individuales (VM) [OBSOLETO] 20130110
-- UCH01
-- 1151
590 ## - NOTA LOCAL (RLIN)
Nota local BATCH-UPD
Procedencia (VM) [OBSOLETO] 10
Condición del los carretes individuales (VM) [OBSOLETO] 20130410
-- UCH01
-- 0735
590 ## - NOTA LOCAL (RLIN)
Nota local BATCH-UPD
Procedencia (VM) [OBSOLETO] 10
Condición del los carretes individuales (VM) [OBSOLETO] 20130914
-- UCH01
-- 0157
590 ## - NOTA LOCAL (RLIN)
Nota local CONVERSION
Procedencia (VM) [OBSOLETO] 10
Condición del los carretes individuales (VM) [OBSOLETO] 20130109
-- UCH01
-- 1345
650 14 - PUNTO DE ACCESO ADICIONAL DE MATERIA--TÉRMINO DE MATERIA
Término de materia o nombre geográfico como elemento de entrada Alimentos
Subdivisión general Análisis.
9 (RLIN) 4164
650 14 - PUNTO DE ACCESO ADICIONAL DE MATERIA--TÉRMINO DE MATERIA
Término de materia o nombre geográfico como elemento de entrada Alimentos
Subdivisión general Química de.
9 (RLIN) 4275
830 0# - PUNTO DE ACCESO ADICIONAL DE SERIE-TÍTULO UNIFORME
Título uniforme Food science and technology
9 (RLIN) 42197
901 ## - ELEMENTOS DE DATOS A LOCAL LDA (RLIN)
a BK
905 ## - ELEMENTOS DE DATOS E LOCAL, LDE (RLIN)
a Blanca M. García O.
942 ## - ELEMENTOS DE PUNTO DE ACCESO ADICIONAL (KOHA)
Tipo de ítem Koha Libro
949 ## - PROCESAMIENTO DE INFORMACIÓN LOCAL (OCLC)
a 664 F4 1996
b BC
c LIBRO
d 33724000772273
e LIBRO
g I. 203151
h 97571
i 91771
s i
t $2378.00
949 ## - PROCESAMIENTO DE INFORMACIÓN LOCAL (OCLC)
a 664 F4 1996
b BC
c LIBRO
d 33724000844981
e LIBRO
f c.2
g I. 212387
h 101960
i 91771
s i
t $199.00
Holdings
Estado de retiro Estado de pérdida Fuente del sistema de clasificación o colocación Estado dañado Restricciones de uso No para préstamo Código de colección Localización permanente Ubicación/localización actual Ubicación en estantería Fecha de adquisición Fuente de adquisición Información codificada de la localización en otra ubicación Total de préstamos Signatura topográfica completa Código de barras Fecha visto por última vez Precio válido a partir de Tipo de ítem Koha Número de copia
    Dewey Decimal Classification   Préstamo 15 días   General Biblioteca Central Biblioteca Central Planta principal - Colección General 31/12/2019 I. 203151 LIBRO   664 F4 1996 33724000772273 31/12/2019 31/12/2019 Libro  
    Dewey Decimal Classification   Préstamo 15 días   General Biblioteca Central Biblioteca Central Planta principal - Colección General 31/12/2019 I. 212387 LIBRO   664 F4 1996 33724000844981 31/12/2019 31/12/2019 Libro c.2